000 01279nam0a2200325 4500
001 RU\NLR\bibl\956892
005 20260406141604.0
010 _a5-462-00170-3
_bв пер.
_95000
021 _aRU
_b2006-19973
_9997
035 _a(NLR Aleph) 000944951
090 _a243456
_c243456
100 _a20060606d2006 |||y0rusy50 ca
101 0 _arus
102 _aRU
105 _aa |||||||||
200 1 _aСталин
_eвласть и кровь
_fБ. В. Соколов
210 _aМосква
_cАСТ-Пресс Книга
_d2006
215 _a398 с., [15] л. ил., портр., факс.
_cпортр.
_d21
225 1 _aИсторическое расследование
600 1 _aСталин
_bИ. В.
_f1879 - 1953
_gИосиф Виссарионович
_91004150
_3RU\NLR\auth\6663550
686 _aТ3(2)7-8
686 _aФ61(2)8
700 1 _4070
_8rus
_7ca
_aСоколов
_bБ. В.
_f1957 -
_cисторик, публицист
_gБорис Вадимович
_3RU\NLR\AUTH\7727091
_910128
702 1 _4570
_8rus
_7ca
_aСталин
_bИ. В.
_f1879-1953
_gИосиф Виссарионович
_3RU\NLR\AUTH\773464
_9113460
801 0 _aRU
_bNLR
_c20060606
_grcr
801 1 _aRU
_bNLR
_c20060606
942 _cBOOK
980 _aNB